000 00435nam a2200205Ia 4500
001 003854
003 YMCAF
005 20230512160236.0
008 100717s1971 ||||||||||||||||| ||und|d
024 _a3854
035 _a3859
040 _aYMCAF
_beng
_cIN-KoLT
041 _aeng
082 _aWOR-GIL
100 _aGILCHRIST R.R.
245 0 _aWORKS MANAGEMENT IN PRACTICE
260 _c1971
300 _a217
942 _2ddc
_cBK
999 _c3054
_d3054